<The> History of Accounting <An> International Encyclopedia

Salvato in:
Dettagli Bibliografici
Altri autori: Chatfield, Michael, Vangermeersch, Richard
Natura: Libro
Lingua:inglese
Pubblicazione: New York Garland Publ. 1996
Edizione:1. ed.
Soggetti:
Tags: Aggiungi Tag
Nessun Tag, puoi essere il primo ad aggiungerne!!

MARC

LEADER 00000nam a2200000 4500
001 c020148
005 20221214072641.2
020 |a 0-8153-0809-4 
041 0 |a eng 
044 |a US 
245 1 0 |a <The> History of Accounting  |b <An> International Encyclopedia  |c Edit. Michael Chatfield, Richard Vangermeersch 
250 |a 1. ed. 
264 1 |a New York  |b Garland Publ.  |c 1996 
300 |a 649 s. 
610 2 0 |a účtovníctvo 
610 2 0 |a dejiny 
610 2 0 |a dejiny myslenia ekonomického 
610 2 0 |a dejiny teórií ekonomických 
610 2 0 |a teória účtovníctva 
700 1 |a Chatfield, Michael 
700 1 |a Vangermeersch, Richard